000 00403nam a2200145Ia 4500
008 211109s9999||||xx |||||||||||||| ||und||
082 _a580
_bDEN-G
100 _aDensmore, Hiram D
245 0 _aGeneral Botany:For Universities and Coleges
260 _bUnknown
_aNoplace
_c1920
300 _a459p.
630 _xGeneral Stack
650 _aNatural Sciences
_vPlants: ZoologyBotany
_xBotany
942 _cBOOK
999 _c1778
_d1778